Statistics for Boys Names that start with J

Click here to take the quiz!

General Stats

  • This quiz has been taken 2,059 times
  • The average score is 25 of 55

Answer Stats

Answer% Correct
Jack
94%
John
94%
James
92%
Jacob
86%
Jose
84%
Jackson
77%
Joseph
77%
Jason
76%
Joshua
76%
Jay
70%
Jeremy
70%
Jonathan
69%
Justin
69%
Jordan
68%
Jeffrey
65%
Jayden
63%
Julian
61%
Jeremiah
60%
Jerry
59%
Jonah
52%
Jude
52%
Jared
50%
Jedidiah
50%
Jesse
50%
Joel
49%
Jesus
48%
Juan
48%
Josiah
43%
Jasper
40%
Job
40%
Jace
38%
Jonas
37%
Javier
36%
Julius
36%
Jorge
35%
Joah
34%
Jamison
33%
Jett
30%
Jerome
28%
Judah
28%
Jamal
25%
Johan
23%
Jagger
21%
Judd
19%
Jarvis
18%
Joaquin
18%
Junior
18%
Justice
18%
Jethro
16%
Jarrett
14%
Jaron
11%
Joss
11%
Joakim
9%
Jeriah
6%
Jabari
5%

Score Distribution

Percentile by Number Answered

Percent of People with Each Score

Your Score History

You have not taken this quiz